The Bronze Age of Southeast Asia
Contents: This book addresses the controversy over the origins of the Bronze Age of Southeast Asia. Charles Higham provides a systematic and regional presentation of the current evidence. He suggests that the adoption of metallurgy in the region followed a period of growing exchange with China. Hig...
Đã lưu trong:
| 主要作者: | |
|---|---|
| 格式: | 圖書 |
| 語言: | Undetermined |
| 出版: |
Cambridge
Cambridge University Press
1996
|
| 主題: | |
| 標簽: |
添加標簽
沒有標簽, 成為第一個標記此記錄!
|
| Thư viện lưu trữ: | Trung tâm Học liệu Trường Đại học Cần Thơ |
|---|
| LEADER | 01124nam a2200193Ia 4500 | ||
|---|---|---|---|
| 001 | CTU_222698 | ||
| 008 | 210402s9999 xx 000 0 und d | ||
| 082 | |a 959 | ||
| 082 | |b H638 | ||
| 100 | |a Higham, Charles | ||
| 245 | 4 | |a The Bronze Age of Southeast Asia | |
| 245 | 0 | |c Charles Higham | |
| 260 | |a Cambridge | ||
| 260 | |b Cambridge University Press | ||
| 260 | |c 1996 | ||
| 520 | |a Contents: This book addresses the controversy over the origins of the Bronze Age of Southeast Asia. Charles Higham provides a systematic and regional presentation of the current evidence. He suggests that the adoption of metallurgy in the region followed a period of growing exchange with China. Higham then traces the development of Bronze Age cultures, identifying regionality and innovation, and suggesting how and why distinct cultures developed. This book is the first comprehensive study of the period, placed within a broader comparative framework. | ||
| 650 | |a Thời kỳ đồ đồng,Bronze age | ||
| 650 | |z Châu Á, Đông Nam Á,Asia, Southeastern | ||
| 980 | |a Trung tâm Học liệu Trường Đại học Cần Thơ | ||